000 01271nam a2200325 i 4500
001 000006602
003 DO-SdBNP
005 20260519110615.0
007 ta
008 090901s1998 dr 000 0 spa d
040 _aDO-SdBNP
_bspa
_cBNPHU
_erda
041 _aspa
082 4 _a222.11
_bD919c
_222
100 1 _aDunker L., José,
_d1943-
_eautor
_4aut.
_91027
245 1 0 _aCrónicas familiares :
_blectura del génesis por un terapeuta familiar /
_cJosé Dunker Lambert ; prólogo, John William Medendorp ; presentación, Claudio Doñé Castillo.
264 1 _aSanto Domingo :
_bVisión Mundial República Dominicana,
_c1998.
300 _a156 páginas :
_b21 cm.
336 _atexto
_btxt
_2rdacontent
337 _asin mediación
_bn
_2rdamedia
338 _avolumen
_bnc
_2rdacarrier
500 _aIncluye datos biográficos del autor en la solapa.
504 _aBibliografía: página 155-156
650 4 _aBiblia
_xA.t.
_xGénesis
_vCrítica, interpretación, etc.
_918309
650 4 _aConsejería familiar
_918310
650 4 _aFamilia
_xEnseñanza biblica
_918311
700 1 _aMedendorp, John William,
_eprologuista
_4pr.
_918312
700 1 _aDoñé Castillo, Claudio,
_epresentación
_918313
910 _aValidado. Control de calidad MFF
942 _2ddc
_cLBS1
999 _c6393
_d6393